|
|
|
|
| LEADER |
00000nam0a2200000 4500 |
| 001 |
58928 |
| 005 |
20231101211754.0 |
| 035 |
|
|
|a (RuTPU)RU\TPU\book\62260
|
| 090 |
|
|
|a 58928
|
| 100 |
|
|
|a 20031210d1972 km y0rusy50 ca
|
| 101 |
0 |
|
|a rus
|
| 102 |
|
|
|a RU
|
| 105 |
|
|
|a a z 001zy
|
| 200 |
1 |
|
|a Редукторы. Конструкции и расчет
|e альбом
|f М. И. Анфимов
|
| 205 |
|
|
|a 3-е изд., перераб. и доп.
|
| 210 |
|
|
|a Москва
|c Машиностроение
|d 1972
|
| 215 |
|
|
|a 284 с.
|c ил.
|
| 320 |
|
|
|a Библиогр.: с. 282.
|
| 606 |
1 |
|
|a Редукторы
|x Конструкция и расчет
|2 stltpush
|3 (RuTPU)RU\TPU\subj\24338
|9 48700
|
| 610 |
1 |
|
|a характеристика
|
| 610 |
1 |
|
|a расчеты
|
| 610 |
1 |
|
|a чертежи
|
| 610 |
1 |
|
|a схемы
|
| 610 |
1 |
|
|a вспомогательные устройства
|
| 610 |
1 |
|
|a альбомы
|
| 675 |
|
|
|a 621.83.06(084)
|v 3
|
| 700 |
|
1 |
|a Анфимов
|b М. И.
|g Михаил Иванович
|
| 801 |
|
1 |
|a RU
|b 63413507
|c 20031210
|g PSBO
|
| 801 |
|
2 |
|a RU
|b 63413507
|c 20220718
|g PSBO
|
| 942 |
|
|
|c BK
|